A Map of Austria - Statistics

General Stats
  • This quiz has been taken 456 times
  • The average score is 23 of 45
Answers on the Map
Answers color-coded by a green-red scale on the quiz's map according to % correct below.
 
Answer Stats
Type Feature % Correct
City Vienna
99%
State Vienna
99%
Language German
95%
City Salzburg
91%
State Salzburg
91%
River Danube
89%
Language Czech
88%
River Inn
88%
Language Slovak
88%
Language Hungarian
87%
City Innsbruck
85%
City Graz
84%
State Tyrol
81%
City Linz
76%
State Upper Austria
68%
State Lower Austria
67%
Language Slovene
67%
State Styria
60%
State Burgenland
56%
State Carinthia
56%
State Vorarlberg
56%
City Klagenfurt
53%
Language Burgenland Croatian
47%
Language Romani
46%
City St. Pölten
44%
City Villach
43%
Lake Lake Constance
42%
Landmark St. Stephen's Cathedral
38%
City Dornbirn
31%
Lake Lake Neusiedl
31%
River Drava
29%
City Wels
29%
River Mur
27%
Lake Wörthersee
27%
Landmark Graz Clock Tower
21%
Lake Attersee
20%
Landmark Goldenes Dachl
20%
River Enns
18%
Landmark Lindwurm Fountain
18%
Lake Traunsee
17%
Landmark Hohensalzburg Fortress
14%
Landmark Melk Abbey
13%
Landmark Hallstatt
11%
Landmark Schloss Esterházy
6%
Landmark Martinsturm
4%
No matching quizzes found
Score Distribution
Percent of People with Each Score
Percentile by Number Answered
Your Score History
You have not taken this quiz